00601nam a22001817a 450000500170000001000150001702000270003203500130005903700130007208200150008524501210010026000300022127000490025130000320030050000500033270000220038270000150040420160614122155.0 aENG-115255 a9789380607627c1395.00 aEN-98787 bDBAD/PUB a615.880954 aIndia's indigenous medical systems :ba cross-disciplinary approach /cedited by Syed Ejaz Hussain [and] Mohit Saha aDelhibPrimus Booksc2015 aVirat Bhawan, Mukherjee NagarbDelhie110009 axiv,344p. :bill.c24cm(Hb) aIncludes bibliographical references and index aHussain,Syed Ejaz aSaha,Mohit